| 000 | 00421nam a22001577a 4500 | ||
|---|---|---|---|
| 999 |
_c478771 _d478771 |
||
| 003 | NUST | ||
| 005 | 20180717050435.0 | ||
| 008 | 180717b ||||| |||| 00| 0 eng d | ||
| 038 | _a0 | ||
| 082 | _a330 | ||
| 100 | _4Goher Fatima | ||
| 245 | _aImpact of Gender inequality in education on economic growth a cross-country analysis (1975-2009) | ||
| 260 |
_aIslamabad _bFUUAST _c2011 |
||
| 300 | _a89p | ||
| 942 |
_2ddc _cTHE |
||